Statistics for Folkeskolens fag

Click here to take the quiz!

General Stats

  • This quiz has been taken 376 times
  • The average score is 12 of 17

Answer Stats

Klassetrin Answer % Correct
1. - 9.Dansk
99%
1. - 9.Matematik
98%
1. - 9.Engelsk
98%
5. - 9.Tysk
94%
7. - 9.Fysik/Kemi
86%
1. - 9.Idræt
83%
7. - 9.Biologi
83%
7. - 9.Geografi
78%
3. - 9.Historie
77%
5. - 9.Fransk
75%
8. - 9.Samfundsfag
73%
1. - 9.Kristendomskundskab
66%
1. - 6.Musik
49%
1. - 6.Natur / Teknologi
46%
1. - 5.Billedkunst
43%
4. / 5. / 6. / 7.Madkundskab
37%
4. / 5. / 6. / 7.Håndværk og design
14%

Score Distribution

Percentile by Number Answered

Percent of People with Each Score

Your Score History

You have not taken this quiz